〈ポケモン〉シルエットクイズ #2 - Statistics

General Stats
  • This quiz has been taken 43 times
  • The average score is 13 of 16
Answer Stats
Picture Answer % Correct
イーブイ
97%
ライチュウ
95%
カメックス
92%
ラプラス
92%
ナッシー
90%
ガラガラ
90%
ワンリキー
87%
ポッポ
79%
マダツボミ
74%
クラブ
74%
ニドキング
72%
ガルーラ
69%
ペルシアン
69%
シェルダー
67%
パウワウ
64%
カブトプス
59%
No matching quizzes found
Score Distribution
Percent of People with Each Score
Percentile by Number Answered
Your Score History
You have not taken this quiz